000 00538nam a22001937a 4500
005 20251108173426.0
008 250721s1999 xx 000 0 ara d
020 _a977272653x
082 1 4 _aط/551.51/لما
100 1 _aلماضة، عاطف
245 1 0 _aالريح /
264 1 _aطنطا :
_bدار الصحابة،
_c1999.
300 _a16ص
490 0 _aعظمة الخالق في الكون للأطفال\n
650 1 7 _aالرياح
650 1 7 _aالأحوال الجوية
942 _2ddc
_cBK
999 _c103587
_d103587